Proyecto Mujer Joven del Instituto Nacional de Aprendizaje /

Guardado en:
Bibliografiske detaljer
Hovedforfatter: Arce Arias, Esmeralda
Andre forfattere: Meza Calvo, Flory Isabel
Format: Texto
Udgivet: San José: INA
Tags: Tilføj Tag
Ingen Tags, Vær først til at tagge denne postø!

MARC

LEADER 00000 a a2200000 04500
001 24037
003
040
090 |a 170500  
100 |a Arce Arias, Esmeralda  
245 |a Proyecto Mujer Joven del Instituto Nacional de Aprendizaje /  |c Esmeralda Arce Arias 
260 |a San José:   |b INA  
300 |a 27 p  
700 |a Meza Calvo, Flory Isabel  
999 |c 3268  |d 3268